|
|
|
|
| LEADER |
01131cam a2200277 7i4500 |
| 001 |
0000065459 |
| 005 |
20240823090000.0 |
| 020 |
|
|
|a 9780128197790 (electronic book)
|
| 090 |
0 |
0 |
|a QA76.9.C65
|b S222 2020
|
| 245 |
0 |
0 |
|a Systems simulation and modeling for cloud computing and big data applications
|c edited by J. Dinesh Peter, Steven L. Fernandes.
|
| 264 |
|
|
|a London:
|b Academic Press,
|c 2020.
|
| 300 |
|
|
|a 1 online resource (xv, 165 pages):
|b illustrations, text file, PDF.
|
| 336 |
|
|
|a text
|2 rdacontent
|
| 337 |
|
|
|a computer
|2 rdamedia
|
| 338 |
|
|
|a online resource
|2 rdacarrier
|
| 490 |
0 |
|
|a Advances in ubiquitous sensing applications for healthcare;
|v volume 10
|
| 650 |
|
0 |
|a Big data
|
| 650 |
|
0 |
|a Cloud computing --
|x Mathematical models
|
| 650 |
|
0 |
|a Computer simulation
|
| 655 |
|
0 |
|a Electronic books
|
| 700 |
1 |
|
|a Fernandes, Steven L.
|
| 700 |
1 |
|
|a Peter, J. Dinesh
|
| 856 |
4 |
2 |
|u http://library.unisel.edu.my/web/guest/mylibrary
|
| 997 |
|
|
|a Communication, Visual Art & Computing, Faculty
|b Computing, Department
|
| 998 |
|
|
|a Industrial Technology, Degree
|
| 999 |
|
|
|a EBO0010090
|b EBOOK
|c EBOOK
|e Electronic resources
|